Finančný prenájom z hľadiska účtovníctva a z hľadiska dane z pridanej hodnoty diplomová práca

Saved in:
Bibliographic Details
Main Author: Bartošová, Karin
Corporate Author: Fakulta hospodárskej informatiky EU. Katedra účtovníctva a audítorstva
Other Authors: Marci, Anton, 1989-
Format: Book
Language:Slovak
Published: Bratislava 2024
Tags: Add Tag
No Tags, Be the first to tag this record!

MARC

LEADER 00000nbm a2200000 4500
001 0301228
005 20250204150149.9
041 0 |a slo 
044 |a SK 
245 1 0 |a Finančný prenájom z hľadiska účtovníctva a z hľadiska dane z pridanej hodnoty  |b diplomová práca  |c Karin Bartošová ; školiteľ: Anton Marci 
264 1 |a Bratislava  |c 2024 
300 |a 55 s. 
100 1 |a Bartošová, Karin 
700 1 |a Marci, Anton, 1989- 
710 2 |a Fakulta hospodárskej informatiky EU. Katedra účtovníctva a audítorstva